00502nam a2200193Ia 450000500170000000800410001702000220005804100080008008200150008810000150010324500390011825000120015726000410016930000210021044000060023150000280023765000280026570000150029320251121230932.0230125s9999 xx 000 0 und d a978-81-8495-879-9 aeng a158.1bXAV aXavier G F aThe Worlds Most Inspiring Thoughts a2nd Ed. c2017bJaico Publishing HouseaMumbai a257pcPaper Back v2 aPersonality Development aPersonality Development aXavier G F